| 000 | nam a22 7a 4500 | ||
|---|---|---|---|
| 999 |
_c330856 _d330856 |
||
| 003 | NUST | ||
| 005 | 20170817121532.0 | ||
| 008 | 170817b xxu||||| |||| 00| 0 eng d | ||
| 040 | _cNUST | ||
| 082 |
_a923.2 _bBUG |
||
| 245 |
_aNawab Akbar Bugti ki shahadat: _bSindh ka kharaj/ _cMutarjum Abid Mir |
||
| 260 |
_aQuetta: _bGosha adab, _c2010 |
||
| 300 | _a114 p. | ||
| 650 |
_aBiography- Akbar Bugti _93953 |
||
| 880 |
_6245-02\(3\r _aنواب اکبر بگٹی: _bسندھ کا خراج _cمترجم: عابد میر |
||
| 880 |
_6260-03\(3\r _aکوئٹہ: _bگوشہ ادب، _c2010 |
||
| 942 |
_2ddc _cBK |
||